000 00328pab a2200145 454500
008 180718b2017 xxu||||| |||| 00| 0 eng d
100 _aNath, Rintu
245 _aAutomation: challenge to workforce?
260 _c2017
300 _ap.48-50.
362 _aApr
650 _aAutomation
773 _aYojana
909 _a114247
999 _c114241
_d114241